Sandwiched Countries Quiz Stats

 Plays Quiz Updated Jul 2, 2018

Challenge
Share
Tweet
Embed
Score 0/7 Timer 02:00
4 Plays Today
Continent Country % Correct
EuropeAndorra
80.5%
AsiaMongolia
77.6%
AsiaNepal
73.7%
EuropeLiechtenstein
69.5%
AsiaBhutan
62.1%
AfricaeSwatini
54.1%
EuropeMoldova
47.1%

You're not logged in!

Compare scores with friends on all Sporcle quizzes.
OR
Log In

You Might Also Like...

Show Comments

Extras

Top Quizzes Today


Score Distribution

Your Account Isn't Verified!

In order to create a playlist on Sporcle, you need to verify the email address you used during registration. Go to your Sporcle Settings to finish the process.

Report this User

Report this user for behavior that violates our Community Guidelines.

Details: